[Event "EU-Cup 32nd"]
[Site "Novi Sad"]
[Date "2016.11.12"]
[Round "7.4"]
[White "Chiaretti, Roberto"]
[Black "Meessen, Rudolf"]
[Result "1-0"]
[WhiteElo "2279"]
[BlackElo "2297"]
[PlyCount "73"]
[EventDate "2016.11.06"]
[EventType "team-swiss"]
[EventRounds "7"]
[EventCountry "SRB"]
[SourceTitle "CBM 176"]
[Source "ChessBase"]
[SourceDate "2017.01.17"]
[SourceVersion "1"]
[SourceVersionDate "2017.01.17"]
[SourceQuality "1"]
[WhiteTeam "Rome Steinitz"]
[BlackTeam "Eupen Rochade"]
[WhiteTeamCountry "ITA"]
[BlackTeamCountry "BEL"]

1. e4 e6 2. d4 d5 3. Nd2 Nf6 4. Ngf3 c5 5. g3 Nc6 6. Bg2 Be7 7. 0-0 0-0 8. Re1 b5 9. e5 Ne8 10. h4 Nc7 11. Nf1 f5 12. N1h2 b4 13. Ng5 Bb7 14. c4 Nxd4 15. Nhf3 Qe8 16. Nxd4 cxd4 17. Nxe6 Nxe6 18. cxd5 f4 19. dxe6 fxg3 20. fxg3 Bxg2 21. Kxg2 Qc6+ 22. Re4 Rac8 23. Bf4 Qxe6 24. Qb3 Qxb3 25. axb3 Rc2+ 26. Kf3 Rxb2 27. Rxa7 Bc5 28. Rc7 Bb6 29. Rb7 Bc5 30. Rb5 Rc2 31. Re2 Rc3+ 32. Ke4 Ra8 33. Rb7 Rxb3 34. e6 Rc3 35. Be5 Ra7 36. Rb8+ Bf8 37. Rf2 1-0

[Event "Campobasso op 20th"]
[Site "Campobasso"]
[Date "2013.08.02"]
[Round "2"]
[White "Bontempi, Piero"]
[Black "Chiaretti, Roberto"]
[Result "1/2-1/2"]
[WhiteElo "2376"]
[BlackElo "2212"]
[PlyCount "169"]
[EventDate "2013.08.02"]
[EventType "swiss"]
[EventRounds "6"]
[EventCountry "ITA"]
[SourceTitle "EXT 2015"]
[Source "ChessBase"]
[SourceDate "2014.11.20"]
[SourceVersion "1"]
[SourceVersionDate "2014.11.20"]
[SourceQuality "1"]

1. e4 e6 2. d4 d5 3. Bd3 c5 4. c3 Nc6 5. Nf3 cxd4 6. cxd4 dxe4 7. Bxe4 Nf6 8. Bc2 Be7 9. Nc3 0-0 10. 0-0 Nb4 11. Bb3 b6 12. a3 Nbd5 13. Ne5 Bb7 14. Re1 Rc8 15. Qd3 Qc7 16. Bd2 a6 17. Qh3 b5 18. Bc2 Rfd8 19. Ng4 g6 20. Nh6+ Kg7 21. Nxf7 Kxf7 22. Qxe6+ Kg7 23. Bb3 Bd6 24. Bg5 Bxh2+ 25. Kh1 Re8 26. Nxd5 Nxd5 27. Qxe8 Rxe8 28. Rxe8 Bd6 29. Rae1 h6 30. Bd8 Qc6 31. f3 g5 32. R8e6 Bc8 33. R6e2 Bf5 34. Ba5 Bg3 35. Rd1 Bf4 36. Be1 Qd6 37. Re5 Ne7 38. Bb4 Bxe5 39. Bxd6 Bxd6 40. g4 Bd7 41. Kg2 Ng6 42. Kf2 Nf4 43. Bc2 Nd5 44. Be4 Nb6 45. Rc1 Nc4 46. Rc2 a5 47. Bd5 Nb6 48. Bc6 Kf7 49. Bxd7 Nxd7 50. Rc8 a4 51. Ke2 Ke6 52. Kd3 Kd5 53. Rh8 Nb6 54. Rxh6 Nc4 55. Kc3 Bf4 56. Rf6 Bd2+ 57. Kd3 Bc1 58. Rf5+ Kc6 59. Rc5+ Kb6 60. Kc2 Be3 61. Kc3 Bd2+ 62. Kc2 Bf4 63. b3 axb3+ 64. Kxb3 Nd2+ 65. Kc3 Nxf3 66. Rf5 Nh2 67. Kb4 Bd2+ 68. Kb3 Nxg4 69. Rf8 Bf4 70. Rg8 Ne3 71. a4 bxa4+ 72. Kxa4 Kc6 73. Kb4 Kd5 74. Kc3 Nd1+ 75. Kd3 Nf2+ 76. Ke2 Ne4 77. Kd3 Nf6 78. Ra8 Ke6 79. Ra5 g4 80. Ke2 Nd5 81. Kd3 Bd6 82. Ke4 Nf4 83. Ke3 Nd5+ 84. Ke4 Nf6+ 85. Ke3 1/2-1/2

[Event "ITA-ch rapid"]
[Site "Fano"]
[Date "2011.04.15"]
[Round "8"]
[White "Chiaretti, Roberto"]
[Black "Stromboli, Ettore"]
[Result "0-1"]
[WhiteElo "2214"]
[BlackElo "2292"]
[PlyCount "102"]
[EventDate "2011.04.15"]
[EventType "swiss (rapid)"]
[EventRounds "9"]
[EventCountry "ITA"]
[SourceTitle "EXT 2012"]
[Source "ChessBase"]
[SourceDate "2011.11.24"]
[SourceVersion "1"]
[SourceVersionDate "2011.11.24"]
[SourceQuality "1"]

1. d4 Nf6 2. c4 e6 3. Nc3 Bb4 4. e3 b6 5. Bd3 Bb7 6. Nf3 Ne4 7. Qc2 f5 8. 0-0 Bxc3 9. bxc3 0-0 10. Nd2 Qh4 11. f3 Ng5 12. Nb3 Rf6 13. Qf2 Qh5 14. d5 e5 15. f4 Nf7 16. e4 fxe4 17. Bxe4 d6 18. Qg3 Nd7 19. Bf3 Qg6 20. Qxg6 Rxg6 21. f5 Rf6 22. g4 g6 23. Be4 gxf5 24. Bxf5 Nf8 25. Nd2 Ng5 26. h4 Nh3+ 27. Kh2 Nf4 28. Ne4 Rf7 29. Bxf4 exf4 30. Rxf4 Ng6 31. Rff1 Bc8 32. Be6 Bxe6 33. dxe6 Re7 34. Rf6 Ne5 35. Kh3 Rae8 36. Ng5 Kg7 37. Raf1 h6 38. Nf7 Rxe6 39. Rxe6 Rxe6 40. Nxe5 Rxe5 41. Kg3 Ra5 42. Re1 Kf6 43. Rf1+ Ke7 44. Re1+ Kd7 45. Kf4 Rxa2 46. Kf5 Rh2 47. h5 a5 48. Kg6 Rh4 49. Kxh6 Rxg4 50. Kh7 Rxc4 51. h6 Rxc3 0-1

[Event "Mirandola Giovanni Pico op 4th"]
[Site "Mirandola"]
[Date "2011.01.16"]
[Round "4"]
[White "Basso, Pier Luigi"]
[Black "Chiaretti, Roberto"]
[Result "1/2-1/2"]
[WhiteElo "1981"]
[BlackElo "2205"]
[PlyCount "37"]
[EventDate "2011.01.14"]
[EventType "swiss"]
[EventRounds "5"]
[EventCountry "ITA"]
[SourceTitle "EXT 2012"]
[Source "ChessBase"]
[SourceDate "2011.11.24"]
[SourceVersion "1"]
[SourceVersionDate "2011.11.24"]
[SourceQuality "1"]

1. e4 e5 2. Nf3 Nc6 3. d4 exd4 4. Bc4 Nf6 5. 0-0 Nxe4 6. Re1 d5 7. Bxd5 Qxd5 8. Nc3 Qa5 9. Nxe4 Be6 10. Neg5 0-0-0 11. Nxe6 fxe6 12. Rxe6 h6 13. Qe2 Bd6 14. Qc4 Qh5 15. Bd2 g5 16. Re4 Rhf8 17. h3 Qf7 18. Qxf7 Rxf7 19. a3 1/2-1/2

[Event "Mirandola Giovanni Pico op 4th"]
[Site "Mirandola"]
[Date "2011.01.15"]
[Round "3"]
[White "Chiaretti, Roberto"]
[Black "Cullen, Anthony P"]
[Result "1/2-1/2"]
[WhiteElo "2205"]
[BlackElo "2128"]
[PlyCount "85"]
[EventDate "2011.01.14"]
[EventType "swiss"]
[EventRounds "5"]
[EventCountry "ITA"]
[SourceTitle "EXT 2012"]
[Source "ChessBase"]
[SourceDate "2011.11.24"]
[SourceVersion "1"]
[SourceVersionDate "2011.11.24"]
[SourceQuality "1"]

1. e4 c5 2. Nf3 a6 3. Nc3 e6 4. d4 cxd4 5. Nxd4 Qc7 6. Bd3 Nc6 7. Nxc6 Qxc6 8. 0-0 d6 9. Re1 Be7 10. f4 Nf6 11. e5 Nd5 12. Nxd5 Qxd5 13. Qg4 g6 14. Be3 h5 15. Qg3 h4 16. Qf2 h3 17. g3 Bd7 18. Bb6 dxe5 19. Rxe5 Qd6 20. Ree1 Rc8 21. Rad1 Qxb6 22. Qxb6 Bc5+ 23. Qxc5 Rxc5 24. c4 a5 25. b3 Bc6 26. Kf2 Ke7 27. Bf1 b5 28. g4 bxc4 29. bxc4 Bg2 30. Be2 g5 31. fxg5 Rxg5 32. Rd2 f5 33. gxf5 Rxf5+ 34. Ke3 Rh4 35. Rd4 Re5+ 36. Kd3 Rxd4+ 37. Kxd4 Re4+ 38. Kd3 Rf4 39. Ke3 e5 40. Rb1 Re4+ 41. Kd2 Rd4+ 42. Kc3 Re4 43. Kd3 1/2-1/2

[Event "Rome Accademia Autumn"]
[Site "Rome"]
[Date "2010.10.09"]
[Round "2"]
[White "Chiaretti, Roberto"]
[Black "Carnicelli, Valerio"]
[Result "1-0"]
[WhiteElo "2188"]
[BlackElo "1880"]
[PlyCount "59"]
[EventDate "2010.10.08"]
[EventType "swiss"]
[EventRounds "5"]
[EventCountry "ITA"]
[SourceTitle "EXT 2024"]
[Source "ChessBase"]
[SourceDate "2023.10.10"]
[SourceVersion "1"]
[SourceVersionDate "2023.10.10"]
[SourceQuality "1"]

1. e4 e5 2. Nf3 Nc6 3. Bb5 a6 4. Ba4 Nf6 5. 0-0 Nxe4 6. d4 b5 7. Bb3 d5 8. dxe5 Be6 9. Qe2 Be7 10. a4 Rb8 11. axb5 axb5 12. c3 0-0 13. Bc2 Bc5 14. Nbd2 Nxd2 15. Bxd2 f6 16. exf6 Qxf6 17. Ng5 Bf5 18. Bxf5 Qxf5 19. Qe6+ Qxe6 20. Nxe6 Bb6 21. Nxf8 Rxf8 22. Rae1 d4 23. Re6 dxc3 24. bxc3 Nd4 25. Re7 c5 26. cxd4 cxd4 27. Re5 b4 28. Rb5 Rb8 29. Rd1 d3 30. Kf1 1-0

[Event "Campobasso op 16th"]
[Site "Campobasso"]
[Date "2009.07.25"]
[Round "3"]
[White "Chiaretti, Roberto"]
[Black "Lazarev, Vladimir"]
[Result "0-1"]
[WhiteElo "2195"]
[BlackElo "2462"]
[PlyCount "46"]
[EventDate "2009.07.24"]
[EventType "swiss"]
[EventRounds "6"]
[EventCountry "ITA"]
[SourceTitle "EXT 2012"]
[Source "ChessBase"]
[SourceDate "2011.11.24"]
[SourceVersion "1"]
[SourceVersionDate "2011.11.24"]
[SourceQuality "1"]

1. e4 c5 2. Nf3 Nc6 3. d4 cxd4 4. Nxd4 Qc7 5. Nc3 e6 6. Be3 a6 7. Qd2 Nf6 8. f3 Bb4 9. 0-0-0 0-0 10. g4 b5 11. h4 Ne5 12. g5 Nh5 13. Rg1 Bb7 14. f4 Nc4 15. Bxc4 Qxc4 16. Qe2 Bxc3 17. Qxh5 Bb4 18. a3 Ba5 19. f5 Bxe4 20. Rg4 Qa2 21. Nb3 Rac8 22. Rxe4 Qxb3 23. Qe2 Qa2 0-1

[Event "Campobasso op 16th"]
[Site "Campobasso"]
[Date "2009.07.24"]
[Round "2"]
[White "Trebeschi, Andrea"]
[Black "Chiaretti, Roberto"]
[Result "0-1"]
[WhiteElo "2047"]
[BlackElo "2195"]
[PlyCount "128"]
[EventDate "2009.07.24"]
[EventType "swiss"]
[EventRounds "6"]
[EventCountry "ITA"]
[SourceTitle "EXT 2012"]
[Source "ChessBase"]
[SourceDate "2011.11.24"]
[SourceVersion "1"]
[SourceVersionDate "2011.11.24"]
[SourceQuality "1"]

1. e4 c5 2. Nf3 d6 3. Bc4 e6 4. Bb3 Nf6 5. d3 Be7 6. 0-0 0-0 7. c3 Nc6 8. Re1 e5 9. Nbd2 Be6 10. Nf1 Re8 11. Ng3 Bf8 12. h3 h6 13. Bxe6 fxe6 14. Nh2 Kh7 15. Ng4 Be7 16. Be3 Rf8 17. Rf1 Qe8 18. Qe2 Qg6 19. Nxf6+ Qxf6 20. Kh2 Qh4 21. Nh5 g6 22. Ng3 d5 23. f3 Bd6 24. Bf2 Qe7 25. Be3 Rac8 26. a3 d4 27. Bd2 a6 28. c4 Qe8 29. Rab1 a5 30. b3 b6 31. Qe1 Qe7 32. Ne2 Rf7 33. Kh1 Rcf8 34. Kh2 Qd8 35. Qc1 g5 36. Ng1 Ne7 37. b4 axb4 38. axb4 Ng6 39. bxc5 Bxc5 40. Rb5 Qd6 41. Qb2 Ra8 42. Ra1 Rfa7 43. Rxa7+ Rxa7 44. Ne2 Nf8 45. Bb4 Bxb4 46. Rxb4 Nd7 47. Rb3 Kg6 48. Ng3 Ra6 49. Rb5 Nc5 50. Qb1 Qc7 51. Ne2 Qa7 52. Nc1 Na4 53. Na2 Nc5 54. Nc1 Kf6 55. Nb3 Na4 56. Qc2 Nc3 57. Rb4 Qe7 58. c5 bxc5 59. Rb8 Ra2 60. Qc1 Qa7 61. Rc8 Qa6 62. Rxc5 Qxd3 63. Rc6 Qxf3 64. Nd2 Qf4+ 0-1

[Event "Porto San Giorgio op 16th"]
[Site "Porto San Giorgio"]
[Date "2004.08.27"]
[Round "7"]
[White "Jones, Gawain C B"]
[Black "Chiaretti, Roberto"]
[Result "1-0"]
[WhiteElo "2453"]
[BlackElo "2207"]
[PlyCount "125"]
[EventDate "2004.08.21"]
[EventType "swiss"]
[EventRounds "9"]
[EventCountry "ITA"]
[SourceTitle "CBM 101 Extra"]
[Source "ChessBase"]
[SourceDate "2004.09.01"]
[SourceVersion "2"]
[SourceVersionDate "2004.09.01"]
[SourceQuality "1"]

1. e4 d6 2. d4 Nf6 3. Nc3 e5 4. Nf3 Nbd7 5. Bc4 Be7 6. 0-0 0-0 7. Re1 c6 8. a4 Qc7 9. a5 b5 10. axb6 Nxb6 11. Be2 h6 12. b3 Bg4 13. Bb2 Rfd8 14. Qd2 Nfd7 15. d5 cxd5 16. exd5 Bf5 17. Bb5 Rab8 18. Ra2 Nc5 19. Bc6 Nc8 20. b4 Rxb4 21. Nb5 Rxb5 22. Bxb5 Nb6 23. Bc6 Rb8 24. Rea1 a6 25. Qe2 Be4 26. Rd1 Bg6 27. Ne1 Qc8 28. Nd3 Ne4 29. f3 Ng5 30. Nxe5 dxe5 31. Bxe5 Bc5+ 32. Kh1 Qf8 33. Bxb8 Qxb8 34. Rxa6 Qf4 35. d6 Bxd6 36. Rxd6 Qxd6 37. Rxb6 Ne6 38. g3 Nd4 39. Qe8+ Kh7 40. Rb8 Bxc2 41. Qg8+ Kg6 42. Be8 Nxf3 43. Bxf7+ Kf6 44. Bd5 Ng5 45. Rf8+ Kg6 46. Rf4 Qe5 47. Bg2 Bf5 48. Qc4 Ne6 49. Rf1 Nc5 50. Qf4 Nd3 51. Qxe5 Nxe5 52. Kg1 Kg5 53. Bd5 h5 54. Rf4 Ng6 55. h4+ Kf6 56. Ra4 Ne7 57. Bf3 g6 58. Kf2 Be6 59. Ke3 Bd5 60. Ra6+ Ke5 61. Ra5 Kd6 62. Bxd5 Nxd5+ 63. Ke4 1-0

[Event "Bergamo op 1st"]
[Site "Bergamo"]
[Date "2002.07.28"]
[Round "6"]
[White "Rigamonti, Stefano"]
[Black "Chiaretti, Roberto"]
[Result "0-1"]
[WhiteElo "1863"]
[BlackElo "2199"]
[PlyCount "60"]
[EventDate "2002.07.26"]
[EventType "swiss"]
[EventRounds "6"]
[EventCountry "ITA"]
[SourceTitle "EXT 2007"]
[Source "ChessBase"]
[SourceDate "2006.11.23"]
[SourceVersion "1"]
[SourceVersionDate "2006.11.23"]
[SourceQuality "1"]

1. e4 e5 2. Nf3 Nc6 3. Bc4 Nf6 4. Nc3 Nxe4 5. Nxe4 d5 6. Bd3 dxe4 7. Bxe4 Qd6 8. c3 Bd7 9. Qb3 f5 10. Bd5 0-0-0 11. Ng5 Na5 12. Nf7 Qc5 13. Bxb7+ Nxb7 14. Nxh8 Qc6 15. Nf7 Qxg2 16. Rf1 Qe4+ 17. Kd1 Ba4 18. Nxd8 Nxd8 19. f3 Bxb3+ 20. axb3 Qd3 21. Re1 Qxf3+ 22. Kc2 Nc6 23. d3 Bc5 24. b4 Bf2 25. Rd1 e4 26. b5 Ne5 27. d4 Nc4 28. Rxa7 Qe2+ 29. Kb3 Qxd1+ 30. Kxc4 Qxc1 0-1

[Event "Bergamo op 1st"]
[Site "Bergamo"]
[Date "2002.07.27"]
[Round "3"]
[White "Chiaretti, Roberto"]
[Black "Naumkin, Igor"]
[Result "0-1"]
[WhiteElo "2199"]
[BlackElo "2436"]
[PlyCount "78"]
[EventDate "2002.07.26"]
[EventType "swiss"]
[EventRounds "6"]
[EventCountry "ITA"]
[SourceTitle "CBM 089 Extra"]
[Source "ChessBase"]
[SourceDate "2002.09.10"]
[SourceVersion "2"]
[SourceVersionDate "2002.09.10"]
[SourceQuality "1"]

1. e4 e6 2. d4 d5 3. e5 c5 4. c3 Nc6 5. Nf3 Qb6 6. a3 Nh6 7. Bd3 cxd4 8. cxd4 Nf5 9. Bxf5 exf5 10. Nc3 Be6 11. 0-0 h6 12. Na4 Qb5 13. Nc3 Qa6 14. h4 Be7 15. Qe2 Qb6 16. Qb5 Qxb5 17. Nxb5 Kd7 18. Rd1 Rhg8 19. b4 g5 20. hxg5 hxg5 21. Nc3 f4 22. Bb2 Rg6 23. Ne1 Rh8 24. Ne2 Rgh6 25. f3 Bd8 26. Nd3 b6 27. Kf2 Ne7 28. Bc1 Bf5 29. b5 Rh2 30. Nb4 Be6 31. Bd2 Nf5 32. Rg1 Be7 33. Nd3 Rc8 34. Rac1 Rc4 35. Ne1 Bxa3 36. Ra1 Bb2 37. Rxa7+ Ke8 38. Rb7 Rxd4 39. Nxd4 Bxd4+ 0-1

[Event "Rome Steinitz op 1st"]
[Site "Rome"]
[Date "2002.07.06"]
[Round "3"]
[White "D'Amico, Francesco"]
[Black "Chiaretti, Roberto"]
[Result "1/2-1/2"]
[WhiteElo "1600"]
[BlackElo "2199"]
[PlyCount "47"]
[EventDate "2002.07.05"]
[EventType "swiss"]
[EventRounds "5"]
[EventCountry "ITA"]
[SourceTitle "EXT 2007"]
[Source "ChessBase"]
[SourceDate "2006.11.23"]
[SourceVersion "1"]
[SourceVersionDate "2006.11.23"]
[SourceQuality "1"]

1. d4 Nf6 2. c4 e6 3. Nc3 Bb4 4. Qc2 0-0 5. Bg5 c5 6. dxc5 Na6 7. Nf3 Nxc5 8. Nd2 b6 9. a3 Bxc3 10. Qxc3 Bb7 11. f3 d5 12. cxd5 exd5 13. Nb3 Ncd7 14. Nd4 Rc8 15. Qd2 Re8 16. e3 a6 17. Bd3 Ne5 18. b3 b5 19. Bf5 Rc7 20. 0-0 h6 21. Bh4 g6 22. Bh3 Kg7 23. Rac1 Rxc1 24. Rxc1 1/2-1/2